Fiscal year 2003 U.S. Government financial statements : sustained improvement in federal financial management is crucial to addressing our nation's future fiscal challenges : testimony before the Subcommittee on Financial Management, the Budget, and International Security, Committee on Governmental Affairs, U.S. Senate /

Bibliographic Details
Main Author: Walker, David M. (David Michael), 1951-
Corporate Author: United States. General Accounting Offfice
Format: Government Document eBook
Language:English
Published: [Washington, D.C.] : U.S. General Accounting Office, [2004]
Series:Testimony ; GAO-04-886 T.
Subjects:
Online Access:https://purl.fdlp.gov/GPO/LPS53851

MARC

Tag First Indicator Second Indicator Subfields
LEADER 00000cam a2200000 a 4500
001 in00002003283
005 20211202202543.0
006 m d f
007 cr mn-
008 040923s2004 dcua s f000 0 eng c
035 |a (OCoLC)ocm56565553 
037 |b GAO (202)512-6000 (voice); (202)512-6061 (Fax); (202)512-2537 (TDD)  |f paper copy 
040 |a GPO  |c GPO  |d MvI  |d UtOrBLW 
042 |a pcc 
043 |a n-us--- 
049 |a WWW 
074 |a 0546-D-01 (online) 
086 0 |a GA 1.5/2:GAO-04-886 T 
100 1 |a Walker, David M.  |q (David Michael),  |d 1951- 
245 1 0 |a Fiscal year 2003 U.S. Government financial statements :  |b sustained improvement in federal financial management is crucial to addressing our nation's future fiscal challenges : testimony before the Subcommittee on Financial Management, the Budget, and International Security, Committee on Governmental Affairs, U.S. Senate /  |c statement of David M. Walker. 
246 3 0 |a Sustained improvement in federal financial management is crucial to addressing our nation's future fiscal challenges 
264 1 |a [Washington, D.C.] :  |b U.S. General Accounting Office,  |c [2004] 
336 |a text  |b txt  |2 rdacontent 
337 |a computer  |b c  |2 rdamedia 
338 |a online resource  |b cr  |2 rdacarrier 
490 1 |a Testimony ;  |v GAO-04-886 T 
538 |a Mode of access: Internet from GPO Access web site. Address as of 9/21/04: http://frwebgate.access.gpo.gov/cgi-bin/getdoc.cgi?dbname=gao&docid=f:d04886t.pdf; current access available via PURL. 
500 |a Title from title screen (viewed on Sept. 21, 2004). 
500 |a "For release ... July 8, 2004." 
500 |a Paper version available from: U.S. General Accounting Office, 441 G St., NW, Rm. LM, Washington, D.C. 20548. 
504 |a Includes bibliographical references. 
500 |a Electronic resource. 
650 0 |a Financial statements, Consolidated  |z United States  |x Accounting  |x Evaluation. 
650 0 |a Administrative agencies  |z United States  |x Accounting. 
650 0 |a Finance, Public  |z United States. 
710 1 |a United States.  |b General Accounting Offfice. 
830 0 |a Testimony ;  |v GAO-04-886 T. 
856 4 0 |u https://purl.fdlp.gov/GPO/LPS53851  |t 0 
999 |a MARS 
999 f f |s 461cc4c8-c7dc-320c-98da-bffabb890940  |i c3fd7704-17ee-3e3f-b813-6c0443e264a6  |t 0 
952 f f |a Texas A&M University  |b College Station  |c Electronic Resources  |d Available Online  |t 0  |e GA 1.5/2:GAO-04-886 T  |h Superintendent of Documents classification 
998 f f |a GA 1.5/2:GAO-04-886 T  |t 0  |l Available Online